000 00722nam a22002417a 4500
001 14418
003 BD-JhCC
005 20251029105442.0
008 251029b |||||||| |||| 00| 0 eng d
020 _a9780141397139
035 _a(BD-JhCC) 14418
040 _aBD-JhCC
_dBD-JhCC
041 _aeng
082 _223
_a808.882
_bGOE
100 _aGoethe, Johann Wolfgang von
245 _a Sketchy, doubtful, incomplete jottings /
_cJohann Wolfgang von Goethe
260 _aLondon:
_bPenguin Classics,
_c 2015
300 _a56p.;
_c16 cm.
490 _aPenguin little black classics,
_vNo. 36
650 _aGoethe, Johann Wolfgang von, 1749-1832
650 _aQuotations Translations into English
942 _2ddc
_cBK
999 _c14418
_d14418